header

Nanomechanics and nanoelectronics (Record no. 76536)

MARC details
000 -LEADER
fixed length control field 01407nam a2200313Ia 4500
100 1# - MAIN ENTRY--AUTHOR NAME
Personal name Patch, Kimberly.
245 10 - TITLE STATEMENT
Title Nanomechanics and nanoelectronics
260 ## - PUBLICATION, DISTRIBUTION, ETC. (IMPRINT)
Place of publication Boston :
Name of publisher Technology Research News,
Year of publication c2004.
300 ## - PHYSICAL DESCRIPTION
Number of Pages 52 p. :
Other physical details ill.
490 0# - SERIES STATEMENT
Series statement TRN's Making the future report the state of an emerging technology and a look at what lies ahead ;
650 #0 - SUBJECT ADDED ENTRY--TOPICAL TERM
Topical Term Technological innovations
Topical Term Computers
Topical Term Cryptography
Topical Term Information storage and retrieval systems
856 40 - ELECTRONIC LOCATION AND ACCESS
Uniform Resource Identifier http://site.ebrary.com/lib/rucke/Doc?id=10049653

No items available.

© 2026 Rongo University
Contact us: librarian | system librarian | Rongo university